000 00683nam a2200217 a 4500
001 BRCA_429
005 20190320203015.0
008 951006s1989 sp-a---###---#000-0#spa-d
020 _a8476300360
040 _aEL1
_cEL1
041 _aspa
_hund
050 4 _aNK4670
_b.L46 1989
100 1 _aLemmen, Hans van
_91459
245 1 0 _aAzulejos decorativos
_cHans van Lemmen ; [traducción Pedro José Aguado Sáiz].
260 _aMadrid
_bLibsa
_c1989
300 _a8 p., [40] láminas
_bil. a color
_c38 cm.
650 1 4 _aAzulejos europeos
_vSelecciones
_ySiglo XIII-XX
_91460
650 1 4 _aAzulejos chinos
_vSelecciones
_91461
700 1 _aAguado Sáiz, Pedro José
_91462
942 _2lcc
_cB
999 _c364
_d364